<?xml version="1.0" encoding="UTF-8"?>
<record
    xmlns:xsi="http://www.w3.org/2001/XMLSchema-instance"
    xsi:schemaLocation="http://www.loc.gov/MARC21/slim http://www.loc.gov/standards/marcxml/schema/MARC21slim.xsd"
    xmlns="http://www.loc.gov/MARC21/slim">

  <leader>03895nam a2200313 a 4500</leader>
  <controlfield tag="001"> </controlfield>
  <controlfield tag="003">DO-SdBNP</controlfield>
  <controlfield tag="005">20230124100001.0</controlfield>
  <controlfield tag="008">090615s2000    dr  001 0 spa d</controlfield>
  <datafield tag="040" ind1=" " ind2=" ">
    <subfield code="a">DO-SdBNP</subfield>
    <subfield code="b">spa</subfield>
    <subfield code="c">BPMSU </subfield>
  </datafield>
  <datafield tag="082" ind1=" " ind2="4">
    <subfield code="a">327.07</subfield>
    <subfield code="b">R426c 2000</subfield>
    <subfield code="2">22</subfield>
  </datafield>
  <datafield tag="110" ind1="2" ind2=" ">
    <subfield code="a">Rep&#xFA;blica Dominicana </subfield>
    <subfield code="b">Secretar&#xED;a de Estado de Relaciones Exteriores. Escuela Diplom&#xE1;tica y Consular </subfield>
  </datafield>
  <datafield tag="245" ind1="1" ind2="0">
    <subfield code="a">C&#xE1;tedras magistrales /</subfield>
    <subfield code="c">Juan Luis Cebri&#xE1;n ...[et. al]</subfield>
  </datafield>
  <datafield tag="260" ind1=" " ind2=" ">
    <subfield code="a">Santo Domingo :</subfield>
    <subfield code="b">Secretar&#xED;a de Estado de Relaciones Exteriores </subfield>
    <subfield code="c">2000</subfield>
  </datafield>
  <datafield tag="300" ind1=" " ind2=" ">
    <subfield code="a">272  p. ;</subfield>
    <subfield code="c">23 cm.</subfield>
  </datafield>
  <datafield tag="500" ind1=" " ind2=" ">
    <subfield code="a"> </subfield>
  </datafield>
  <datafield tag="500" ind1=" " ind2=" ">
    <subfield code="a">Incluye referencias bibliogr&#xE1;ficas y notas al pie de las p&#xE1;ginas.</subfield>
  </datafield>
  <datafield tag="505" ind1=" " ind2=" ">
    <subfield code="t">Fundamentos internos de la pol&#xED;tica exterior de los Estados Unidos / Howard Wiarda v.1 11 -- Relaciones internacionales entre Estados Unidos, Am&#xE9;rica Latina y el Caribe en el siglo XXI / Howard Wiarda v.1 27 -- La pol&#xED;tica exterior de Francia / Pascal Chaigneau v.1 43 -- Francia en las relaciones internacionales en el comienzo del siglo XXI / Pierre Grosser v.1 65 -- Una pol&#xED;tica audiovisual exterior al servicio de la diversidad cultural / Jean Claude Moyret v.1 73 -- Am&#xE9;rica Latina en el siglo XXI. Una visi&#xF3;n estrat&#xE9;gica / Luis Maira v.1 85 -- Retos y oportunidades de la globalizaci&#xF3;n en la Rep&#xFA;blica Dominicana / Andr&#xE9;s Dauhjare v.1 141 -- Acuerdos y tratados de libre comercio / Maritza Amalia Guerrero y Miguel Angel Heredia Bonetti v.1 151 -- Ciencia y tecnolog&#xED;a para el desarrollo en el contexto de la globalizaci&#xF3;n / Di&#xF3;genes Aybar v.1 189 -- De inventos, patentes y globalizaci&#xF3;n / Doroteo Rodr&#xED;guez v.1 223 -- Integraci&#xF3;n econ&#xF3;mica / Gede&#xF3;n Santos v.1 251 -- Am&#xE9;rica Latina en el &#xFA;ltimo tercio del siglo XX: Proyectos pol&#xED;ticos e inserci&#xF3;n internacional / Luis Maira v.2 9 -- Cr&#xED;tica a la globalizaci&#xF3;n / Luisa Navarro v.2 51 -- El relacionamiento externo del Mercosur: avances y perspectivas / Guillermo Hillcoat v.2 73 -- Am&#xE9;rica Latina frente al cambio de siglo: retos y oportunidades / Luis Maira v.2 73 -- Pol&#xED;tica de Estados Unidos hacia Am&#xE9;rica Latina y el Caribe / Jorge Dom&#xED;nguez v.2 145 -- Riesgos y venturas de la sociedad digital / Juan Luis Cebri&#xE1;n v.3 11 -- Gerencia y pol&#xED;tica de lo vecinal (el caso colombo - venezolano) / Leandro Area v.3 33 -- Formaci&#xF3;n de diplom&#xE1;ticos y negociadores para un orden internacional en construcci&#xF3;n / Luisa Navarro v.3 49 -- La diplomacia del nuevo orden internacional: Unilateral, multilateral o plurilateral? / Frederic Emam-Zad&#xE9; Gerardino v.3 57 -- El periodismo y la diplomacia / Luis Narv&#xE1;ez Rivadeneira v.3 65 -- El estatuto de nacionalidad dominicana: argumentaciones fundamentales / Lupo Hern&#xE1;ndez Rueda v.3 95 -- Lo que hay que saber de Hait&#xED; y Rep&#xFA;blica Dominicana para unas relaciones di&#xE1;fanas / Euclides Guti&#xE9;rrez F&#xE9;lix v.3 109 -- Situaci&#xF3;n de la inmigraci&#xF3;n haitiana / Danilo D&#xED;az v.3 149 -- Impacto de los informes de los organismos regionales y multilaterales en las pol&#xED;ticas internacionales de RD-Hait&#xED; / Angel Lockward v.3 187 -- Geopol&#xED;tica de la isla de Santo Domingo: migraci&#xF3;n haitiana y seguridad nacional / Pelegr&#xED;n Castillo v.3 211 -- La comisi&#xF3;n mixta dom&#xED;nico-haitiana / Wenceslao Guerrero Cambier v.3 231 -- La globalizaci&#xF3;n o el espejo de la Barbie / Mar&#xED;a del Carmen Vicente v.3 257 -- Negociaci&#xF3;n o calidad de vida: estrategia de integraci&#xF3;n regional de la Rep&#xFA;blica Dominicana / Marcos Barinas Uribe v.3 265</subfield>
  </datafield>
  <datafield tag="563" ind1=" " ind2=" ">
    <subfield code="a">Tres t&#xED;tulos encuadernado juntos con paginaci&#xF3;n continua</subfield>
  </datafield>
  <datafield tag="590" ind1=" " ind2=" ">
    <subfield code="a">Inventariado,2021/VM</subfield>
  </datafield>
  <datafield tag="650" ind1=" " ind2="4">
    <subfield code="a">Derecho internacional</subfield>
  </datafield>
  <datafield tag="650" ind1=" " ind2="4">
    <subfield code="a">Pol&#xED;tica internacional</subfield>
    <subfield code="y">Siglo XX</subfield>
  </datafield>
  <datafield tag="651" ind1=" " ind2="4">
    <subfield code="a">Estados Unidos  	 </subfield>
    <subfield code="x">Relaciones Exteriores</subfield>
    <subfield code="z">Am&#xE9;rica Latina</subfield>
  </datafield>
  <datafield tag="700" ind1="1" ind2=" ">
    <subfield code="a">Cebri&#xE1;n, Juan Luis </subfield>
    <subfield code="d"> </subfield>
    <subfield code="e"> </subfield>
  </datafield>
  <datafield tag="740" ind1=" " ind2=" ">
    <subfield code="a">Los reg&#xED;menes matrimoniales</subfield>
  </datafield>
  <datafield tag="740" ind1=" " ind2=" ">
    <subfield code="a">Las sucesiones legales </subfield>
  </datafield>
  <datafield tag="910" ind1=" " ind2=" ">
    <subfield code="a">VMateo V./Validado </subfield>
  </datafield>
  <datafield tag="942" ind1=" " ind2=" ">
    <subfield code="2">ddc</subfield>
    <subfield code="c">BK</subfield>
  </datafield>
  <datafield tag="952" ind1=" " ind2=" ">
    <subfield code="0">0</subfield>
    <subfield code="1">0</subfield>
    <subfield code="2">ddc</subfield>
    <subfield code="4">0</subfield>
    <subfield code="7">0</subfield>
    <subfield code="8">CD</subfield>
    <subfield code="a">BPMET</subfield>
    <subfield code="b">BPMET</subfield>
    <subfield code="d">2022-11-15</subfield>
    <subfield code="o">BPMSU CD 327.07 R426c 2000</subfield>
    <subfield code="p">BPMSU22110016</subfield>
    <subfield code="r">2022-11-15</subfield>
    <subfield code="t">v.3</subfield>
    <subfield code="w">2022-11-15</subfield>
    <subfield code="y">BK</subfield>
  </datafield>
  <datafield tag="999" ind1=" " ind2=" ">
    <subfield code="c">14330</subfield>
    <subfield code="d">14330</subfield>
  </datafield>
</record>
